000
00506nam a2200133Ia 4500
008
100328s9999 xx 000 0 und d
082
_b
13556
100
_a
वूऱ्हिस जेरी
245
_a
अमेरिकेतील सहकारी संस्था
260
_b
महाराष्ट्र
630
_a
अमेरिकेतील सहकारी संस्था
730
_a
अमेरिकेतील सहकारी संस्था
942
_c
BOOK
999
_c
508617
_d
508614